[Event "Jm KP I 23-24 Univerzita B-Lokomotiva A"]
[Site "?"]
[Date "2024.03.03"]
[Round "49.4"]
[White "Meduna, Eduard"]
[Black "Hladik, Josef"]
[Result "1/2-1/2"]
[WhiteElo "2093"]
[BlackElo "1999"]
[PlyCount "55"]

1. e4 d5 2. exd5 Qxd5 3. Nc3 Qd6 4. g3 Nf6 5. Bg2 c6 6. Nf3 Bf5 7. O-O h6 8. d4
e6 9. b3 Be7 10. Bb2 O-O 11. Ne2 a5 12. c4 Qc7 13. Nc3 Nbd7 14. Qe2 Nb6 15. a3
Rfe8 16. Rac1 Nfd7 17. a4 Bf8 18. Nh4 Bh7 19. f4 Nc8 20. Ne4 Nd6 21. Nxd6 Bxd6
22. Be4 Bxe4 23. Qxe4 Be7 24. Nf3 Bf6 25. Ne5 Rad8 26. Rcd1 c5 27. dxc5 Nxc5
28. Qe3 1/2-1/2

[Event "Jm KP I 23-24 Univerzita B-Lokomotiva A"]
[Site "?"]
[Date "2024.03.03"]
[Round "49.5"]
[White "Uhmann, Jan"]
[Black "Hejny, Jaroslav"]
[Result "1/2-1/2"]
[WhiteElo "1963"]
[BlackElo "1988"]
[PlyCount "30"]

1. e4 e5 2. Nf3 Nc6 3. d4 exd4 4. Nxd4 Bc5 5. Be3 Qf6 6. c3 Nge7 7. Bc4 O-O 8.
f4 d6 9. Qd3 Bd7 10. Nd2 Rad8 11. Bb3 Bb6 12. O-O-O Nxd4 13. cxd4 d5 14. e5
Qc6+ 15. Qc3 Nf5 1/2-1/2

[Event "Jm KP I 23-24 Univerzita B-Lokomotiva A"]
[Site "?"]
[Date "2024.03.03"]
[Round "49.6"]
[White "Straka, Vojtech"]
[Black "Riha, Otmar"]
[Result "1-0"]
[WhiteElo "1999"]
[BlackElo "1945"]
[PlyCount "69"]

1. c4 e5 2. Nc3 Nc6 3. g3 Bb4 4. Bg2 Bxc3 5. bxc3 f5 6. d4 e4 7. Nh3 Nf6 8. O-O
O-O 9. f3 d6 10. fxe4 Nxe4 11. Qd3 Qe8 12. Ng5 Nxg5 13. Bxg5 Qg6 14. Bf4 Ne7
15. c5 Rb8 16. cxd6 cxd6 17. c4 Bd7 18. c5 Nc8 19. cxd6 a6 20. Qc4+ Be6 21. d5
Bf7 22. Qc7 Na7 23. a4 Rfc8 24. Qb6 Ra8 25. Rac1 Rd8 26. Rc7 Nc8 27. Qxb7 Ra7
28. Qb8 Rxc7 29. Qxc7 Qf6 30. Be5 Qxe5 31. Qxd8+ Qe8 32. Qxe8+ Bxe8 33. Rxf5
Bxa4 34. Rf4 Bb5 35. Bh3 1-0

[Event "Jm KP I 23-24 Univerzita B-Lokomotiva A"]
[Site "?"]
[Date "2024.03.03"]
[Round "49.7"]
[White "Sebek, Jan"]
[Black "Wunsch, Radek"]
[Result "1/2-1/2"]
[WhiteElo "1914"]
[BlackElo "1965"]
[PlyCount "57"]

1. e4 Nc6 2. Bb5 e5 3. Nf3 a6 4. Bxc6 dxc6 5. O-O f6 6. d4 exd4 7. Nxd4 c5 8.
Nb3 Qxd1 9. Rxd1 Bd7 10. Bf4 O-O-O 11. Nc3 g5 12. Bg3 h5 13. Nd5 Bd6 14. Nb6+
cxb6 15. Bxd6 Bc6 16. f3 Rh7 17. Bg3 Rhd7 18. Rxd7 Rxd7 19. Bf2 a5 20. Be3 Ne7
21. Nd2 Ng6 22. Nc4 Kc7 23. Kf2 Bb5 24. Nd2 Ne5 25. g3 a4 26. h3 Nc6 27. f4
gxf4 28. gxf4 Nb4 29. c4 1/2-1/2

[Event "Jm KP I 23-24 Univerzita B-Lokomotiva A"]
[Site "?"]
[Date "2024.03.03"]
[Round "49.8"]
[White "Zabloudil, Radek"]
[Black "Zerdaloglu, Vasilis"]
[Result "1-0"]
[WhiteElo "1962"]
[BlackElo "1771"]
[PlyCount "74"]

1. e4 e5 2. Nc3 Nf6 3. g3 d5 4. exd5 Nxd5 5. Bg2 Nxc3 6. bxc3 c6 7. Nf3 Qc7 8.
O-O Bd6 9. d4 O-O 10. Re1 Nd7 11. a4 Re8 12. Ba3 Bxa3 13. Rxa3 c5 14. dxe5 Nb6
15. Qe2 Bg4 16. Qe4 Bxf3 17. Bxf3 Rab8 18. Bg2 Nd7 19. f4 b6 20. Qc4 Nf8 21.
Raa1 Rbd8 22. Rad1 g6 23. Rd3 Rxd3 24. cxd3 Qd7 25. Rd1 Ne6 26. d4 cxd4 27.
cxd4 Rc8 28. Qb5 Qc7 29. d5 Qc2 30. Qd3 Qxd3 31. Rxd3 Nc5 32. Rc3 Rd8 33. a5
Kf8 34. d6 f6 35. axb6 axb6 36. Kf2 Re8 37. Bc6 Kf7 1-0

[Event "Jm KP I 23-24 Kurim A-Lipovec"]
[Site "Kurim"]
[Date "2024.03.11"]
[Round "50.1"]
[White "Tajovsky, Martin"]
[Black "Fojtik, Tomas"]
[Result "1/2-1/2"]
[WhiteElo "2226"]
[BlackElo "2063"]
[PlyCount "43"]

1. Nf3 Nf6 2. g3 g6 3. Bg2 Bg7 4. O-O O-O 5. d4 d5 6. c4 dxc4 7. Na3 c3 8. bxc3
c5 9. Ne5 Nbd7 10. Nac4 Nxe5 11. Nxe5 Nd7 12. f4 Qc7 13. Ba3 Rb8 14. Rc1 Nxe5
15. fxe5 b6 16. e3 Bb7 17. Rc2 Bxg2 18. Rxg2 Rbd8 19. Qb3 e6 20. Qb5 Rd7 21.
Rgf2 Rfd8 22. Rf3 1/2-1/2

[Event "Jm KP I 23-24 Kurim A-Lipovec"]
[Site "Kurim-Garde Lipovec"]
[Date "2024.03.03"]
[Round "50.2"]
[White "Pokladnik, Martin"]
[Black "Majer, Jiri"]
[Result "1-0"]
[WhiteElo "2024"]
[BlackElo "2163"]
[PlyCount "107"]

1. e4 d6 2. d4 Nf6 3. Nc3 g6 4. Nf3 Bg7 5. Be2 O-O 6. O-O c6 7. Re1 Nbd7 8. a4
Qc7 9. h3 e5 10. dxe5 dxe5 11. Be3 Rd8 12. Qb1 Nf8 13. a5 Ne6 14. Bc4 Nd4 15.
Ng5 Rf8 16. f4 h6 17. fxe5 Qxe5 18. Qd1 Nh5 19. Nf3 Nxf3+ 20. Qxf3 Be6 21. Bd3
Qg3 22. Qxg3 Nxg3 23. Bf4 Nh5 24. Bd6 Rfd8 25. e5 Nf4 26. Ne4 Bd5 27. Bf1 Bxe4
28. Rxe4 Ne6 29. Bc4 Re8 30. Ra3 Rad8 31. Rb3 Rd7 32. Kf2 Bf8 33. Bxe6 Rxe6 34.
Reb4 Bxd6 35. exd6 b6 36. axb6 axb6 37. Rxb6 Rdxd6 38. Rc3 Kg7 39. b4 h5 40.
Kf3 g5 41. Re3 g4+ 42. Ke2 Kf6 43. hxg4 hxg4 44. c4 Kf5 45. b5 cxb5 46. Rxd6
Rxd6 47. cxb5 Rb6 48. Rb3 Kg5 49. g3 f5 50. Rb4 Kf6 51. Kd3 Ke5 52. Kc4 Rb8 53.
b6 f4 54. Kb5 1-0

[Event "Jm KP I 23-24 Kurim A-Lipovec"]
[Site "Kurim"]
[Date "2024.03.03"]
[Round "50.3"]
[White "Nemec, David"]
[Black "Balaz, Frantisek"]
[Result "1-0"]
[WhiteElo "207"]
[BlackElo "1933"]
[PlyCount "59"]

1. c4 c5 2. g3 g6 3. Bg2 Nc6 4. e3 e5 5. Ne2 Bg7 6. O-O Nge7 7. Nbc3 O-O 8. Nd5
d6 9. d3 Be6 10. h3 Bxd5 11. cxd5 Nb8 12. e4 Nd7 13. Nc3 Rb8 14. f4 f5 15. a4
a6 16. Be3 b5 17. axb5 axb5 18. Qd2 b4 19. Ne2 Qb6 20. Kh2 Ra8 21. fxe5 dxe5
22. Rxa8 Rxa8 23. Bg5 Bf6 24. exf5 Bxg5 25. Qxg5 Qd6 26. Be4 Ra2 27. f6 Nxd5
28. f7+ Kg7 29. Bxd5 Qxd5 30. Qd8 1-0

[Event "Jm KP I 23-24 Kurim A-Lipovec"]
[Site "Kurim"]
[Date "2024.03.03"]
[Round "50.4"]
[White "Krejci, Petr"]
[Black "Pavlik, Vladimir"]
[Result "1/2-1/2"]
[WhiteElo "1916"]
[BlackElo "2005"]
[PlyCount "43"]

1. e4 d6 2. Nf3 Nf6 3. Nc3 e5 4. Be2 Be7 5. d4 Nbd7 6. O-O O-O 7. h3 c6 8. Be3
$6 8... Qc7 $6 9. Re1 $6 9... exd4 $6 10. Nxd4 Nc5 11. Bf3 a5 12. a3 Re8 13.
Bf4 Ne6 14. Be3 $6 14... Nxd4 15. Qxd4 Be6 16. Bf4 Nd7 17. Rad1 Ne5 18. Be2
Rad8 19. b3 Bf6 20. Qe3 b5 21. Bh2 $6 21... b4 22. axb4 {
Hra mohla pokraeovat...} (22. axb4 axb4 23. Na4 h6 24. f4 Ng6 25. Qd2 d5 26. e5
{+0.06}) 1/2-1/2

[Event "Jm KP I 23-24 Kurim A-Lipovec"]
[Site "Kurim"]
[Date "2024.03.03"]
[Round "50.5"]
[White "Petricek, Lukas"]
[Black "Sekanina, Jiri"]
[Result "1/2-1/2"]
[WhiteElo "2077"]
[BlackElo "1987"]
[PlyCount "46"]

1. e4 c5 2. c3 d5 3. exd5 Qxd5 4. d4 Nf6 5. Nf3 Bg4 6. Be2 e6 7. h3 Bh5 8. O-O
Be7 9. Na3 Nc6 10. Be3 cxd4 11. Nb5 Rc8 12. Nbxd4 O-O 13. Qa4 Qa5 14. Qxa5 Nxa5
15. g4 Bg6 16. Ne5 Nd5 17. b4 Nxe3 18. fxe3 Nc6 19. Ndxc6 bxc6 20. Nxg6 hxg6
21. Rad1 Rfd8 22. Rxd8+ Rxd8 23. Rd1 Rxd1+ 1/2-1/2

[Event "Jm KP I 23-24 Kurim A-Lipovec"]
[Site "Kurim"]
[Date "2024.03.03"]
[Round "50.6"]
[White "Sevcik, David"]
[Black "Pokorny, Petr"]
[Result "1/2-1/2"]
[WhiteElo "1936"]
[BlackElo "2145"]
[PlyCount "97"]

1. b3 e5 2. e3 Nc6 3. Bb2 g6 4. Bb5 Nge7 5. d4 exd4 6. exd4 Bg7 7. Nf3 O-O 8.
O-O a6 9. Bd3 d6 10. c3 Bf5 11. Bxf5 Nxf5 12. Nbd2 Re8 13. Re1 Qd7 14. Qc2
Rxe1+ 15. Rxe1 Re8 16. Rxe8+ Qxe8 17. Qe4 Qxe4 18. Nxe4 b5 19. a3 Na5 20. Ned2
c5 21. Kf1 cxd4 22. Nxd4 Nxd4 23. cxd4 Bh6 24. Ne4 Nxb3 25. Nxd6 Bg7 26. Ke2
Bxd4 27. Bxd4 Nxd4+ 28. Kd3 Ne6 29. g3 f5 30. Kc3 Kf8 31. Kb4 Ke7 32. Nb7 Kd7
33. Ka5 Kc6 34. Kxa6 Nc7+ 35. Ka7 Nd5 36. Nd8+ Kc5 37. Ne6+ Kc4 38. Ka6 Nc3 39.
Nc7 b4 40. axb4 Kxb4 41. Kb6 Kc4 42. Kc6 Kd3 43. Ne6 Ke2 44. Nf8 Kxf2 45. Nxh7
Kg2 46. Nf8 g5 47. Ne6 Ne4 48. Kd5 Kxh2 49. Nxg5 1/2-1/2

[Event "Jm KP I 23-24 Kurim A-Lipovec"]
[Site "?"]
[Date "2024.03.03"]
[Round "50.7"]
[White "Rubes, Pavel"]
[Black "Hlousek, Zdenek"]
[Result "1-0"]
[WhiteElo "1951"]
[BlackElo "1924"]
[PlyCount "99"]

1. d4 Nf6 2. c4 g6 3. Nc3 Bg7 4. Nf3 O-O 5. e4 d6 6. Be2 c5 7. d5 Bg4 8. O-O
Bxf3 9. Bxf3 Nbd7 10. g3 a6 11. Qe2 Rb8 12. Bd2 Ne8 13. a4 Nc7 14. Rab1 a5 15.
Bg2 Na6 16. Nb5 Nb4 17. Bc3 f6 18. Bh3 Kh8 19. f4 Na2 20. Bd2 Nb4 21. b3 Re8
22. Bc3 Nf8 23. e5 f5 24. Rbe1 Nd7 25. Rf3 dxe5 26. fxe5 Qb6 27. Re3 e6 28.
dxe6 Rxe6 29. Rd1 Re7 30. Rd6 Nc6 31. e6 Bxc3 32. Rxc3 Nf6 33. Bg2 Ne8 34. Rd7
Rg7 35. Rcd3 Nd4 36. Nxd4 cxd4 37. Qe5 Qa7 38. e7 h6 39. Rd8 Ra8 40. R3xd4 Kh7
41. Rxa8 Qxa8 42. Rd8 Qa7+ 43. c5 Rg8 44. Qd5 Nf6 45. e8=Q Nxe8 46. Rxe8 Rg7
47. Qd6 b5 48. Qf8 g5 49. Qxf5+ Rg6 50. Be4 1-0

[Event "Jm KP I 23-24 Kurim A-Lipovec"]
[Site "MyTown"]
[Date "2024.03.03"]
[Round "50.8"]
[White "Hubeny, Pavel"]
[Black "Horak, Bronislav"]
[Result "0-1"]
[WhiteElo "1837"]
[BlackElo "1936"]
[PlyCount "104"]
[EventDate "2018.??.??"]

1. e4 Nf6 2. e5 Nd5 3. d4 d6 4. exd6 exd6 5. Nf3 Bg4 6. Be2 Be7 7. O-O O-O 8.
c3 Re8 9. Nbd2 Nd7 10. h3 Bf5 11. Nc4 N7f6 12. Bd3 Qd7 13. Nh2 h6 14. Ne3 Nxe3
15. Bxe3 Nd5 16. Bxf5 Qxf5 17. Qf3 Nxe3 18. fxe3 Qxf3 19. Nxf3 Bg5 20. Nxg5
hxg5 21. Rf3 Re4 22. Kf2 Rae8 23. Re1 g6 24. g4 Kg7 25. Rd1 f6 26. Rd3 Rf8 27.
Rd1 f5 28. Rg1 f4 29. exf4 gxf4 30. h4 Rh8 31. Re1 Rxe1 32. Kxe1 Rxh4 33. Rxf4
d5 34. Kd2 Rh2+ 35. Kc1 c6 36. a4 Rg2 37. c4 dxc4 38. d5 cxd5 39. Rd4 Kf6 40.
Rxd5 Rxg4 41. Rd7 Re4 42. Rxb7 Re7 43. Rb4 Rc7 44. a5 g5 45. Kd2 Ke5 46. Ke3 c3
47. bxc3 Rxc3+ 48. Kf2 Rc5 49. a6 Ra5 50. Kf3 Kf5 51. Rc4 Ra3+ 52. Kg2 Rxa6 0-1

[Event "Jm KP I 23-24 Kurim B - Veseli"]
[Site "Kurim"]
[Date "2024.03.03"]
[Round "51.1"]
[White "Kudla, Vladimir"]
[Black "Uricar, Jakub"]
[Result "1/2-1/2"]
[WhiteElo "1938"]
[BlackElo "2117"]
[PlyCount "106"]

1. e4 c5 2. c3 d5 3. exd5 Qxd5 4. d4 Nf6 5. Nf3 Bg4 6. Be2 e6 7. O-O Be7 8. Be3
cxd4 9. cxd4 Nc6 10. Nc3 Qa5 11. h3 Bh5 12. Qb3 Qb4 13. Qxb4 Bxb4 14. g4 Bg6
15. Ne5 O-O 16. Nxg6 hxg6 17. Bf3 Na5 18. Rac1 Rac8 19. Na4 Nd5 20. Rxc8 Rxc8
21. Rc1 Rxc1+ 22. Bxc1 Nc6 23. Be3 Kf8 24. a3 Bd6 25. Nc5 b6 26. Nd3 Ke7 27.
Kf1 Kd7 28. Bxd5 exd5 29. Ke1 f6 30. Kd2 g5 31. b4 a5 32. b5 Nd8 33. a4 Ne6 34.
f3 Bf4 35. Ke2 g6 36. Kf2 Bd6 37. Ke2 Ke7 38. Kd2 Nd8 39. Ke2 Nf7 40. Kf2 f5
41. Ke2 Ke6 42. Kd2 Bc7 43. Kc3 Bd8 44. Nb2 Bf6 45. Kd3 Kd6 46. Bf2 Nd8 47.
Bg3+ Kd7 48. Nd1 Ne6 49. Nc3 Bxd4 50. Nxd5 f4 51. Be1 Bg1 52. Nf6+ Ke7 53. Ne4
Nc5+ 1/2-1/2

[Event "Jm KP I 23-24 Kurim B - Veseli"]
[Site "Kurim"]
[Date "2024.03.03"]
[Round "51.2"]
[White "Symersky, Petr"]
[Black "Pesl, Jan"]
[Result "1-0"]
[WhiteElo "2087"]
[BlackElo "1863"]
[PlyCount "71"]

1. d4 Nf6 2. Nf3 g6 3. c4 Bg7 4. g3 O-O 5. Bg2 d6 6. O-O c6 7. Nc3 Qa5 8. Qd2
Qh5 9. Qg5 Be6 10. b3 h6 11. Qxh5 Nxh5 12. Bb2 Nd7 13. Rad1 Rac8 14. e4 Bg4 15.
h3 Bxf3 16. Bxf3 Nhf6 17. Bg2 e5 18. Ne2 Rfd8 19. f4 exd4 20. Bxd4 Nb6 21. Rd2
Rd7 22. Rfd1 Rcd8 23. a4 Ne8 24. a5 Bxd4+ 25. Nxd4 Nc8 26. a6 c5 27. axb7 Rxb7
28. Nc6 Rdd7 29. Rd3 Rb6 30. e5 Ng7 31. b4 Ne6 32. b5 a6 33. bxa6 Nd4 34. Nxd4
cxd4 35. Bb7 Na7 36. Rxd4 1-0

[Event "Jm KP I 23-24 Kurim B - Veseli"]
[Site "Kurim"]
[Date "2024.03.03"]
[Round "51.3"]
[White "Bauer, Miroslav"]
[Black "Skalka, Jan"]
[Result "0-1"]
[WhiteElo "1829"]
[BlackElo "1966"]
[PlyCount "64"]

1. e4 c5 2. c3 d5 3. exd5 Qxd5 4. d4 g6 5. Nf3 Bg7 6. Be3 cxd4 7. cxd4 Nf6 8.
Nc3 Qd8 9. h3 O-O 10. Bc4 Nc6 11. O-O Bf5 12. a3 Rc8 13. Nh4 Bd7 14. Qd3 e5 15.
Bg5 Nxd4 16. Ne4 Qb6 17. Rfe1 Nxe4 18. Rxe4 Be6 19. Bxe6 Nxe6 20. Rb4 Qa5 21.
Be3 Rfd8 22. Qb3 b6 23. Nf3 Qd5 24. Qa4 Rc7 25. Rb5 Qd7 26. Qb3 Nc5 27. Bxc5
Rxc5 28. Rxc5 bxc5 29. Rc1 e4 30. Nh2 Qd2 31. Rxc5 Bd4 32. Rc2 Bxf2+ 0-1

[Event "Jm KP I 23-24 Kurim B - Veseli"]
[Site "Kurim"]
[Date "2024.03.03"]
[Round "51.4"]
[White "Vrtal, Jaroslav"]
[Black "Cihal, Jan"]
[Result "1/2-1/2"]
[WhiteElo "1978"]
[BlackElo "1840"]
[PlyCount "80"]

1. d4 Nf6 2. Nf3 d6 3. c4 c6 4. g3 g6 5. Bg2 Bg7 6. O-O O-O 7. Nc3 a5 8. e4
Nbd7 9. h3 e5 10. Be3 Re8 11. Kh2 Qc7 12. Rc1 Nf8 13. Qd2 Ne6 14. Rfd1 exd4 15.
Nxd4 Nxd4 16. Bxd4 Be6 17. b3 Rad8 18. Na4 c5 19. Be3 Bc8 20. Nc3 Re6 21. Bg5
Rde8 22. Bf4 Bf8 23. Nb5 Qb6 24. f3 Rd8 25. g4 Ne8 26. Bg3 Bd7 27. Nc3 Bc6 28.
f4 Ng7 29. Rf1 f5 30. Nd5 Bxd5 31. cxd5 Ree8 32. e5 Qb4 33. Qe2 Be7 34. Be1 Qb6
35. Bc3 Rf8 36. Qd2 Ra8 37. Rb1 Qd8 38. Ba1 h6 39. Rbe1 Bh4 40. Re2 b6 1/2-1/2

[Event "Jm KP I 23-24 Kurim B - Veseli"]
[Site "Kurim"]
[Date "2024.03.03"]
[Round "51.5"]
[White "Krupica, Pavel"]
[Black "Krizek, Frantisek"]
[Result "1/2-1/2"]
[WhiteElo "1888"]
[BlackElo "1959"]
[PlyCount "31"]

1. e4 c6 2. d4 d5 3. exd5 cxd5 4. c4 Nf6 5. Nc3 g6 6. c5 Bg7 7. Nf3 O-O 8. Be2
Nc6 9. O-O Re8 10. h3 Bf5 11. Bf4 Ne4 12. Bb5 Nxc3 13. bxc3 a6 14. Ba4 Qa5 15.
Rc1 Rac8 16. Re1 1/2-1/2

[Event "Jm KP I 23-24 Kurim B - Veseli"]
[Site "Kurim"]
[Date "2024.03.03"]
[Round "51.6"]
[White "Klenner, Richard"]
[Black "Matula, Pavel"]
[Result "1-0"]
[WhiteElo "1977"]
[BlackElo "1843"]
[PlyCount "27"]

1. e4 c5 2. Nf3 Nc6 3. Bb5 a6 4. Bxc6 bxc6 5. d4 cxd4 6. Qxd4 Nf6 7. e5 Nd5 8.
c4 Qa5+ 9. Bd2 Nb4 10. O-O c5 11. Qe4 Rb8 12. a3 Bb7 13. Qf4 Bxf3 14. e6 1-0

[Event "Jm KP I 23-24 Kurim B - Veseli"]
[Site "Kurim"]
[Date "2024.03.03"]
[Round "51.7"]
[White "Hrdina, Jiri"]
[Black "Bilek, Petr"]
[Result "1/2-1/2"]
[WhiteElo "1788"]
[BlackElo "2010"]
[PlyCount "53"]

1. d4 d5 2. Bf4 Nf6 3. e3 Bf5 4. Bd3 e6 5. Bxf5 exf5 6. Qd3 Qd7 7. Nf3 Nc6 8.
c3 Be7 9. Nbd2 Ne4 10. Ne5 Nxe5 11. Bxe5 f6 12. Bg3 h5 13. f3 h4 14. Bf2 Nxd2
15. Kxd2 O-O-O 16. b4 Bd6 17. a4 Rde8 18. b5 Re7 19. c4 Bb4+ 20. Kc2 h3 21. g3
Rhe8 22. a5 dxc4 23. Qxc4 Bd6 24. Kd3 Qe6 25. d5 Qe5 26. b6 a6 27. Rhc1 1/2-1/2

[Event "Jm KP I 23-24 Kurim B - Veseli"]
[Site "Kurim"]
[Date "2024.03.03"]
[Round "51.8"]
[White "Uricar, Zdenek"]
[Black "Hronek, Ondrej"]
[Result "0-1"]
[WhiteElo "1911"]
[BlackElo "1732"]
[PlyCount "78"]

1. e4 c5 2. Nf3 Nc6 3. d4 cxd4 4. Nxd4 g6 5. c4 Bg7 6. Be3 Nf6 7. Nc3 Ng4 8.
Qxg4 Nxd4 9. Qd1 Ne6 10. Qd2 Qa5 11. Be2 d6 12. O-O g5 13. Rfd1 b6 14. Nd5 Qxd2
15. Rxd2 h6 16. Rb1 Bb7 17. b4 Rc8 18. f3 Be5 19. c5 dxc5 20. Bb5+ Kf8 21. Nxe7
Kxe7 22. Rd7+ Kf6 23. Rxb7 c4 24. Bd7 c3 25. Bxc8 Rxc8 26. Rd1 c2 27. Rdd7
c1=Q+ 28. Bxc1 Rxc1+ 29. Kf2 Rc2+ 30. Kf1 Bc3 31. Rxf7+ Kg6 32. Rxa7 Nf4 33.
Rfd7 Bxb4 34. Rg7+ Kf6 35. Rgf7+ Ke6 36. Rh7 Rc1+ 37. Kf2 Be1+ 38. Ke3 Rc3+ 39.
Kd4 Ne2# 0-1

[Event "Jm KP I 23-24 Hodonin-Jundrov C"]
[Site "Sportklub Hodonin"]
[Date "2024.03.03"]
[Round "52.1"]
[White "Havelka, Ondrej"]
[Black "Bednar, Jakub"]
[Result "1/2-1/2"]
[WhiteElo "2164"]
[BlackElo "2214"]
[PlyCount "123"]

{255MB} 1. d4 1... Nf6 2. Nf3 e6 3. Bf4 b6 4. e3 Be7 5. Bd3 Bb7 6. Nbd2 d5 7.
Ne5 a6 8. Qf3 Nc6 9. g4 Nxe5 10. Bxe5 Bd6 11. Bxf6 Qxf6 12. Qxf6 gxf6 13. f4
Ke7 14. Kf2 c5 15. Nf3 Rag8 16. h3 cxd4 17. Nxd4 h5 18. Be2 hxg4 19. hxg4 Bc8
20. Bf3 Bd7 21. c3 a5 22. Rae1 b5 23. e4 Rxh1 24. Bxh1 Rxg4 25. exd5 Rxf4+ 26.
Ke3 e5 27. Nc6+ Bxc6 28. dxc6 Rh4 29. Bd5 Rh2 30. b4 Rh3+ 31. Ke2 Rxc3 32. bxa5
Ra3 33. Rh1 Bc7 34. Rh7 Kd6 35. Bb3 Kxc6 36. Rxf7 Bd8 37. Rf8 Kd7 38. Kd3 Rxa5
39. Ke4 Ra6 40. Kd5 b4 41. Ke4 Ra5 42. Kf5 Be7 43. Rb8 Ra7 44. Be6+ Kc6 45.
Rc8+ Kd6 46. Bb3 Ra5 47. Ke4 Kd7 48. Rb8 Kc7 49. Re8 Bd8 50. Rf8 Kd7 51. Kf5
Ra6 52. Ke4 Rd6 53. Bd5 Kc7 54. Re8 f5+ 55. Kxe5 Bf6+ 56. Kxf5 Rxd5+ 57. Kxf6
Rd2 58. Ra8 Kc6 59. Ke5 Kc5 60. Rc8+ Kb5 61. Rb8+ Kc4 62. Rc8+ 1/2-1/2

[Event "Jm KP I 23-24 Hodonin-Jundrov C"]
[Site "Sportklub Hodonin"]
[Date "2024.03.03"]
[Round "52.2"]
[White "Slepov, Cyril"]
[Black "Pesak, Roman"]
[Result "1-0"]
[WhiteElo "2167"]
[BlackElo "1945"]
[PlyCount "63"]

{255MB} 1. e4 1... e5 2. Nf3 Nc6 3. Bb5 a6 4. Ba4 d6 5. c3 Bg4 6. h3 Bxf3 7.
Qxf3 Qd7 8. O-O b5 9. Bb3 Na5 10. Bc2 c5 11. a4 b4 12. d4 b3 13. Bd1 c4 14. Qg3
Qc7 15. f4 f6 16. Be3 g6 17. Qf2 Rb8 18. fxe5 dxe5 19. dxe5 Qxe5 20. Bd4 Qe7
21. e5 f5 22. Nd2 Qe6 23. Ne4 h6 24. Nd6+ Kd7 25. Bf3 Nc6 26. Nxc4 Kc7 27. Bb6+
Kc8 28. Nd6+ Bxd6 29. exd6 Qxd6 30. Rad1 Qf6 31. Qc5 Nge7 32. Rd6 1-0

[Event "Jm KP I 23-24 Hodonin-Jundrov C"]
[Site "Sportklub Hodonin"]
[Date "2024.03.03"]
[Round "52.3"]
[White "Provaznik, Michal"]
[Black "Masak, Pavel"]
[Result "1-0"]
[WhiteElo "2090"]
[BlackElo "2043"]
[PlyCount "73"]

{255MB} 1. e4 1... c5 2. Nf3 a6 3. d4 cxd4 4. c3 d5 5. exd5 Qxd5 6. cxd4 e6 7.
Nc3 Qd6 8. Bd3 Nf6 9. O-O Nc6 10. Re1 Be7 11. a3 O-O 12. Bc2 Rd8 13. Be3 b5 14.
b4 Bb7 15. Qd3 Rac8 16. Rad1 Nb8 17. Bb3 Nbd7 18. Bg5 Nb6 19. Ne5 Nbd5 20. Nxd5
Nxd5 21. Bxe7 Qxe7 22. Bxd5 Bxd5 23. Qe3 Rc7 24. Rc1 Rdc8 25. Rc5 Rxc5 26. dxc5
h6 27. Rd1 Qg5 28. Qxg5 hxg5 29. Nd7 f6 30. Nb6 Re8 31. f3 Kf7 32. Kf2 Bb3 33.
Rd3 Ba2 34. c6 Re7 35. Na8 Bd5 36. c7 Bb7 37. Rd8 1-0

[Event "Jm KP I 23-24 Hodonin-Jundrov C"]
[Site "Sportklub Hodonin"]
[Date "2024.03.03"]
[Round "52.4"]
[White "Ruzicka, Frantisek"]
[Black "Kladnak, Martin"]
[Result "0-1"]
[WhiteElo "2009"]
[BlackElo "2041"]
[PlyCount "70"]

{255MB} 1. c4 1... e6 2. Nc3 d5 3. d4 Nf6 4. Nf3 Be7 5. Bg5 h6 6. Bh4 O-O 7. e3
b6 8. cxd5 exd5 9. Bd3 Bb7 10. O-O c5 11. Rc1 Nbd7 12. Qe2 Re8 13. Rfd1 c4 14.
Bb1 a6 15. Ne5 b5 16. Qf3 b4 17. Ne2 Nxe5 18. dxe5 Nd7 19. Bg3 Qb6 20. Nd4 Bc5
21. Qf5 Nf8 22. f4 Bc8 23. Qh5 Ne6 24. Nf5 Bxe3+ 25. Nxe3 Qxe3+ 26. Kh1 Nxf4
27. Bxf4 Qxf4 28. Rf1 Rxe5 29. Qd1 Qg5 30. Qd4 Re2 31. Rg1 Bd7 32. Rcf1 Rae8
33. h4 Qg4 34. Rf4 Qg3 35. Rf3 Qe5 0-1

[Event "Jm KP I 23-24 Hodonin-Jundrov C"]
[Site "Sportklub Hodonin"]
[Date "2024.03.03"]
[Round "52.5"]
[White "Travnicek, Petr"]
[Black "Ruzicka, Martin"]
[Result "1-0"]
[WhiteElo "2061"]
[BlackElo "1966"]
[PlyCount "123"]

{255MB} 1. d4 1... d5 2. c4 c6 3. Nc3 Nf6 4. Nf3 g6 5. Bf4 Bg7 6. e3 O-O 7. h3
Nbd7 8. cxd5 Nxd5 9. Nxd5 cxd5 10. Bd3 f6 11. O-O e5 12. dxe5 fxe5 13. Bg5 Qe8
14. Bb5 Qf7 15. Bh4 a6 16. Ng5 Qe8 17. Qxd5+ Kh8 18. Ba4 Nb6 19. Bxe8 Nxd5 20.
Bf7 Ne7 21. Bb3 Nf5 22. Bg3 Nxg3 23. fxg3 h6 24. Rxf8+ Bxf8 25. Nf7+ Kh7 26.
Nxe5 Bg7 27. Nc4 Be6 28. Rd1 Bxc4 29. Bxc4 Re8 30. Rd7 b5 31. Bd3 Re6 32. Kf2
h5 33. b3 Kh6 34. Kf3 Be5 35. g4 h4 36. Be4 Bc3 37. Rc7 Bd2 38. Rc6 Rxc6 39.
Bxc6 Kg5 40. Ke4 Kf6 41. Kd4 g5 42. e4 b4 43. e5+ Ke6 44. Bd5+ Ke7 45. Kc5 Bc3
46. e6 a5 47. Kb6 Kd6 48. Kxa5 Bf6 49. Bc4 Kc5 50. Ka4 Be7 51. a3 bxa3 52. Kxa3
Kd4+ 53. Ka4 Kc5 54. Ka5 Bf8 55. Bd3 Kd5 56. Bf5 Kc6 57. b4 Be7 58. b5+ Kb7 59.
b6 Bd8 60. Kb5 Be7 61. Be4+ Kc8 62. Kc6 1-0

[Event "Jm KP I 23-24 Hodonin-Jundrov C"]
[Site "Sportklub Hodonin"]
[Date "2024.03.03"]
[Round "52.6"]
[White "Sipek, Oldrich"]
[Black "Skocik, Marek"]
[Result "1-0"]
[WhiteElo "1938"]
[BlackElo "1964"]
[PlyCount "57"]

{255MB} 1. e4 1... c5 2. d4 cxd4 3. c3 Nf6 4. e5 Nd5 5. Bc4 Nb6 6. Bb3 d5 7.
cxd4 Nc6 8. Ne2 Bg4 9. f3 Bf5 10. Nbc3 e6 11. O-O h5 12. Be3 Be7 13. Kh1 Rc8
14. f4 a6 15. Rc1 Na5 16. Ba4+ Nxa4 17. Qxa4+ Nc6 18. Ng3 Bd3 19. Rf2 h4 20.
Nge2 O-O 21. Rg1 g6 22. Qd1 Bxe2 23. Qxe2 Kg7 24. g4 hxg3 25. Rxg3 Bh4 26. f5
exf5 27. Qh5 Rh8 28. Qxf5 Bxg3 29. Qxf7# 1-0

[Event "Jm KP I 23-24 Hodonin-Jundrov C"]
[Site "Sportklub Hodonin"]
[Date "2024.03.03"]
[Round "52.7"]
[White "Vlcko, Tomas"]
[Black "Vojtek, Pavel"]
[Result "0-1"]
[WhiteElo "1923"]
[BlackElo "1876"]
[PlyCount "140"]

{255MB} 1. Nf3 1... Nf6 2. g3 g6 3. Bg2 Bg7 4. d4 d6 5. O-O O-O 6. c4 Nbd7 7.
Nc3 e5 8. dxe5 dxe5 9. Ng5 c6 10. Nge4 Nxe4 11. Nxe4 Nf6 12. Qxd8 Rxd8 13. Bg5
Nxe4 14. Bxd8 Nd2 15. Rfe1 Bf5 16. Bg5 Nxc4 17. e4 Bg4 18. f3 Be6 19. b3 Na3
20. Rad1 h6 21. Rd8+ Rxd8 22. Bxd8 Bf8 23. Rc1 Kg7 24. Bc7 Kf6 25. Bf1 h5 26.
Kg2 Bh6 27. f4 exf4 28. gxf4 Ke7 29. Rd1 Nc2 30. Kf2 Bg7 31. Bd6+ Ke8 32. e5
Bh6 33. Bd3 Nd4 34. Bxg6 Nxb3 35. Bxh5 Na5 36. Kg3 Nc4 37. Bc7 Bd5 38. Re1 Kd7
39. Bb8 a6 40. Bg4+ Kd8 41. Re2 b5 42. e6 fxe6 43. Bxe6 Bg7 44. Bc7+ Kxc7 45.
Bxd5 Nd6 46. Be6 c5 47. Bg4 Bd4 48. h4 c4 49. h5 c3 50. Be6 Ne4+ 51. Rxe4 c2
52. Rxd4 c1=Q 53. Rd7+ Kc6 54. Kg4 Qg1+ 55. Kf5 Qh2 56. Kg5 Qg3+ 57. Bg4 Qc3
58. h6 Qc5+ 59. Kg6 Qc2+ 60. Bf5 Qg2+ 61. Kf6 Qxa2 62. Bd3 Qh2 63. Kg6 b4 64.
h7 b3 65. Rd8 Qg3+ 66. Kf6 Qxf4+ 67. Bf5 Qh4+ 68. Kg7 Qxd8 69. h8=Q Qxh8+ 70.
Kxh8 a5 0-1

[Event "Jm KP I 23-24 Hodonin-Jundrov C"]
[Site "Sportklub Hodonin"]
[Date "2024.03.03"]
[Round "52.8"]
[White "Komarek, Tobias"]
[Black "Taptic, Filip"]
[Result "0-1"]
[WhiteElo "1822"]
[BlackElo "1899"]
[PlyCount "62"]

{255MB} 1. c4 1... Nf6 2. g3 e5 3. Bg2 Bc5 4. e3 O-O 5. Ne2 Nc6 6. O-O d6 7. d4
Bb6 8. b3 Bg4 9. dxe5 dxe5 10. Nbc3 Qe7 11. h3 Bf5 12. Bb2 Rad8 13. Qc1 Rd7 14.
Ba3 Bc5 15. Bxc5 Qxc5 16. g4 Bg6 17. Rd1 Rfd8 18. Rxd7 Rxd7 19. Nd5 Nxd5 20.
Bxd5 Ne7 21. Nc3 Nxd5 22. Nxd5 c6 23. Nc3 Qe7 24. Qe1 Qh4 25. Rd1 Qxh3 26. Qe2
Rxd1+ 27. Qxd1 h5 28. gxh5 Bxh5 29. Qd6 Bf3 30. Qd8+ Kh7 31. Qd3+ g6 0-1